000 00203nam a2200097Ia 4500
008 190216s9999||||xx |||||||||||||| ||und||
100 _aN N Pilla
245 0 _aJanmantharam
260 _bNull
942 _cBK
999 _c25167
_d25167